000 05185cam a2201105 i 4500
001 23316862
003 OSt
005 20250426083609.0
008 230913m20219999caua 6 000 1 eng d
010 _a 2023299026
015 _aGBC1G7300
_2bnb
016 7 _a020350933
_2Uk
020 _a9781974725984
_q(v. 1 ;
_qpaperback)
020 _a1974725987
_q(v. 1 ;
_qpaperback)
020 _a9781974727148
_q(2 ;
_qpaperback)
020 _a1974727149
_q(v. 2 ;
_qpaperback)
020 _a9781974728992
_q(v. 3 ;
_qpaperback)
020 _a1974728994
_q(v. 3 ;
_qpaperback)
020 _a9781974732340
_q(v. 4 ;
_qpaperback)
020 _a1974732347
_q(4 ;
_qpaperback)
020 _a9781974734184
_q(v. 5 ;
_qpaperback)
020 _a1974734188
_q(v. 5 ;
_qpaperback)
020 _a9781974736331
_q(v. 6 ;
_qpaperback)
020 _a1974736334
_q(v. 6 ;
_qpaperback)
020 _a9781974738694
_q(v. 7 ;
_qpaperback)
020 _a1974738698
_q(v. 7 ;
_qpaperback)
020 _a9781974740628
_q(v. 8 ;
_qpaperback)
020 _a1974740625
_q(v. 8 ;
_qpaperback)
020 _a9781974743018
_q(v. 9 ;
_qpaperback)
020 _a1974743012
_q(v. 9 ;
_qpaperback)
020 _a9781974746996
_q(v. 10 ;
_qpaperback)
020 _a1974746992
_q(v. 10 ;
_qpaperback)
020 _a9781974749003
_q(v. 11 ;
_qpaperback)
020 _a1974749002
_q(v. 11 ;
_qpaperback)
020 _a9781974752720
_q(v. 12 ;
_qpaperback)
020 _a1974752720
_q(v. 12 ;
_qpaperback)
020 _a9781974755127
_q(v. 13 ;
_qpaperback)
020 _a1974755126
_q(v. 13 ;
_qpaperback)
035 _a(OCoLC)on1287022685
040 _aWIQ
_beng
_erda
_cWIQ
_dGK5
_dSO$
_dOCLCF
_dOCLCO
_dIEP
_dOPW
_dOCLCO
_dIBI
_dOCLCO
_dAZZPT
_dIFK
_dCPP
_dYDX
_dUIU
_dTCJ
_dOCLCA
_dIFK
_dGK8
_dKUA
_dUAB
_dZHI
_dCWJ
_dOCL
_dCNCAR
_dMNM
_dAC#
_dCCPLG
_dOCL
_dDLC
041 1 _aeng
_hjpn
042 _alccopycat
043 _aa-ja---
050 0 0 _aPN6790.J33
_bM3864513 2021
082 0 0 _a741.5/952
_223/eng/20230913
100 1 _aMatsumoto, Naoya,
_d1982-
_eauthor,
_eartist.
240 1 0 _aKaijū 8-gō.
_lEnglish
245 1 0 _aKaiju no. 8 /
_cstory and art by Naoya Matsumoto.
246 3 _aKaiju number 8
246 3 _aKaiju #8
246 3 _aKaiju no. eight
246 1 _iAlso known in English as:
_aMonster #8
250 _aShonen Jump edition.
264 1 _aSan Francisco, CA :
_bVIZ Media, LLC,
_c[2021]-
264 4 _c©2020-
300 _avolumes :
_billustrations, color ;
_c19 cm
336 _astill image
_bsti
_2rdacontent
336 _atext
_btxt
_2rdacontent
337 _aunmediated
_bn
_2rdamedia
338 _avolume
_bnc
_2rdacarrier
380 _aComics (Graphic works)
_2lcgft
380 _aManga
_2lcgft
500 _aManga format; reads back to front, right to left.
500 _aTitle from cover.
500 _a"First published in Japan in 2020 by SHUEISHA Inc., Tokyo" -- Volume 1 indicia.
508 _aTranslation: David Evelyn ; touch-up art & lettering: Brandon Bovia ; design: Jimmy Presler ; editor: Karla Clark ; background art: Osamu Koiwai (OSA prod.) ; finishing work: Jiro Sakura ; weapon design: Mantohihi Binta.
520 _a"With the highest kaiju-emergence rates in the world, Japanese is no stranger to attack by deadly monsters. Enter the Japan Defense Force, a military organization tasked with the neutralization of kaiju. Kafka Hibino, a kaiju-corpse cleanup man, has always dreamed of joining the force. But when he gets another shot at achieving his childhood dream, he undergoes an unexpected transformation. How can he fight kaiju now that he's become one himself?!" --
_cDescription from back cover.
546 _aIn English, translated from the Japanese.
650 0 _aImaginary wars and battles
_vComic books, strips, etc.
650 0 _aMonsters
_zJapan
_vComic books, strips, etc.
650 7 _aImaginary wars and battles.
_2fast
_0(OCoLC)fst00967580
650 7 _aMonsters.
_2fast
_0(OCoLC)fst01025752
651 7 _aJapan.
_2fast
_0(OCoLC)fst01204082
655 7 _aScience fiction comics.
_2lcgft
655 7 _aAction and adventure comics.
_2lcgft
655 7 _aMonster comics.
_2lcgft
655 7 _aFantasy comics.
_2lcgft
655 7 _aManga.
_2lcgft
655 7 _aScience fiction comics
_2fast
_0(OCoLC)fst01921733
655 7 _aManga
_2fast
_0(OCoLC)fst02061040
655 7 _aFiction
_2fast
_0(OCoLC)fst01423787
655 7 _aMonster comics.
_2fast
_0(OCoLC)fst02009953
655 7 _aAction and adventure comics.
_2fast
_0(OCoLC)fst01921573
655 7 _aComics (Graphic works)
_2fast
_0(OCoLC)fst01921613
655 7 _aFantasy comics.
_2fast
_0(OCoLC)fst01921655
655 7 _aGraphic novels.
_2fast
_0(OCoLC)fst01726630
655 7 _aBandes dessinées d'aventures.
_2rvmgf
655 7 _aBandes dessinées de monstres.
_2rvmgf
700 1 _aEvelyn, David,
_etranslator.
700 1 _aBovia, Brandon,
_eletterer.
700 1 _iTranslation of:
_aMatsumoto, Naoya,
_d1982-
_tKaijū 8-gō.
906 _a7
_bcbc
_ccopycat
_d2
_encip
_f20
_gy-gencatlg
942 _2ddc
_cMGA
_n0
999 _c1232
_d1232